Départements français qui bordent la mer - Carte Quiz - Statistiques

Statistiques générales
  • Ce quiz a été pris 107 fois
  • Le résultat moyen est 21 sur 26
Réponses sur la Carte
Les réponses sont colorées sur une échelle allant du rouge au vert en fonction du pourcentage des utilisateurs qui les ont devinées à leur premier essai. Vous pouvez retrouver ces pourcentages ci-dessous.
 
Statistiques - réponses
Réponse % Correct
Nord
92%
Pas-de-Calais
92%
Finistère
90%
Somme
89%
Corse-du-Sud
88%
Haute-Corse
87%
Manche
87%
Côtes-d'Armor
84%
Pyrénées-Atlantiques
84%
Pyrénées-Orientales
84%
Charente-Maritime
83%
Alpes-Maritimes
82%
Calvados
82%
Gironde
82%
Morbihan
82%
Bouches-du-Rhône
81%
Ille-et-Vilaine
81%
Loire-Atlantique
80%
Vendée
80%
Landes
78%
Gard
77%
Hérault
76%
Seine-Maritime
76%
Eure
72%
Var
72%
Aude
70%
Aucun quiz correspondant
Distribution des résultats
% des personnes avec chaque résultat
Percentile par nombre de réponses
Votre historique - résultats
Vous n’avez pas pris ce quiz